MDQL
is popping MORE tags! Check the
thread
!
Quizzes
Events
Quiz Creation
Community
Videos
Private Events
Remove Ads
Sign In
Join for FREE
Feedback
Dark Mode
Quiz Categories
Sports
Geography
Music
Movies
Television
Just For Fun
Miscellaneous
History
Literature
Language
Science
Gaming
Entertainment
Religion
Holiday
For Kids
Quiz Lab
Recent
Popular Today
Quiz Kudos Today
Editor Picks
Curator Picks
Quizzes by...
Day
Popularity
Type
Ratings
Length
Year
Community
Subscriptions
Recent Discussions
Orange Saloon
Badges
Playlists
Quests
Create
Leaderboards
Showdown
Live 5
Trivia Bingo
Activity
Puzzle Library
Sporcle Events
Private Events
Virtual Trivia
Globe League
Become a Host
Pub Owners
SporcleCon
Opinionation
Our Games
Videos
Blog
Mobile Apps
Partnerships
Remove Ads and Go Orange
Feedback
Gaming
Video Games
Board Games
Card Games
Pokémon
Mario
Nintendo
Minecraft
Console
Toys
Legend of Zelda
Gaming
Video Games
Board Games
Card Games
Pokémon
Mario
Nintendo
Minecraft
Console
Toys
Legend of Zelda
Random Quiz
Search Sporcle
×
Quiz Lab
Quiz Lab
Gaming
Final Fantasy
Type in answers that appear in a list
Type in answers that appear in a list
Classic
Best Score? Go Orange.
Final Fantasy 9 Enemies Stats
Can you name the Final Fantasy 9 Enemies?
By
Mattone
10m
50 Questions
90 Plays
90 Plays
90 Plays
Comments
Comments
Give Quiz Kudos
Give Quiz Kudos
-
- Ratings
hide this ad
Replay
Link that replays current quiz
Next Quiz
Link to next quiz in quiz playlist
You Got
0%
They Got
Avg Score
44%
Avg Friend Score
Upgrade to see
Score Distribution
Jump to the score distribution portion of the page
Score
0/50
Timer
10:00
0
Plays Today
Clue
Enemy
% Correct
Ha !! really? it can't be that hard to beat, its a globe
Ozma
81.1%
Can grow and then explode to do damage to all the party
Bomb
81.1%
Found on vile island only ( looks innocent at first but how wrong could I be)
Yan
77.8%
Uses stone, has a friendly counter part and has the least letters in it's name out of the entire games enemies
Mu
75.6%
Only fought in Burmecia and takes the from of chests
Mimic
67.8%
Undead and aeriel and had a friendly counterpart near Treno
Ghost
66.7%
To defeat it, you must take out it's core
Sand Golem
64.4%
A beast fought in the evil forrest and during the festival of the hunt in lindblum
Fang
63.3%
Hilda threatens to turn regent Cid into one of these if he ever cheats on her again
Hedgehog Pie
62.2%
The only Dragon and Undead class combination
Dracozombie
60%
Shares it's name with a type of bad status
Zombie
57.8%
Only five of these can be fought in mount gulug
Red Dragon
57.8%
A dragon found on the beaches near the chocobo forrest and in burmecia
Ironite
56.7%
Only found in Qu's marshes and uses aqua breath
Axolotl
56.7%
1 of the 3 stone class enemies
Epitaph
55.6%
There is a Piece of headgear for women named after this enemy
Lamia
54.4%
A bomb in a shell but a hell of a lot stronger
Grenade
53.3%
At the start of the battle it will either cast reflect or use snowstorm
Ash
53.3%
The only enemy that teaches Quina frog drop when eaten
Gigan Toad
51.1%
Can steal a potion from you
Vice
51.1%
They have no kings on FF-
9, Unlike FF-
7
Behemoth
48.9%
Gives a Massive amount of Ap in ff-
7 and can be found in Terra
Mover
47.8%
A big green owl fought when trying to find the entrance to the black mage village
Zemzelett
47.8%
Looks like a chameleon and can put a character in the gradual petrify status
Basilisk
46.7%
Yan, Ash and which other enemy to have only 3 letters in its name
Zuu
43.3%
Clue
Enemy
% Correct
If it's master is defeated , then it goes down with him
Gargoyle
43.3%
It's white, flies and likes to put you in the berserk status
Dragonfly
42.2%
It is fought in Ipsen's castle and memoria
Veteran
40%
Can use poison counter and it is the weakest dragon in the game
Serpion
40%
Found only in memoria , weak against thunder and uses might
Iron Man
40%
undead and uses whirl slash
Skeleton
40%
Can counter attacks with its spear and can put a character in the berserk status
Troll
37.8%
Level 15, found in fossil Roo and casts the black magic sleep
Abomination
37.8%
One of the few that can use snort and only found in pandemonium, Terra
Shell Dragon
34.4%
Comes in two's, one is fire based the other ice based
Wraith
33.3%
A demon like unicorn that can be challenged in Treno and found in Pandemonium
Amdusias
33.3%
Carries a book and has a friendly counterpart
Jabberwock
33.3%
A dragon with many heads each with it's own attack
Worm Hydra
31.1%
An insect that uses an attack called stomach
Crawler
31.1%
Likes to use vanish and use an attack named after it
Gnoll
31.1%
Can use flame and can inflict the trouble status
Ogre
30%
Insect class that is found near Madain Sari and on the lost continent
Blazer Beetle
28.9%
One of the few enemies that can use comet and it absorbs all elements
Gimme Cat
26.7%
Fought in the desert palace and likes to use heat and freeze status magic
Drakan
24.4%
Found on the way to bran-
bal and like to use status inflicting magic
Ring Leader
24.4%
Its bluey-
Green , flies and also likes to put you in the berserk staus
Hornet
23.3%
Fought only around the quicksand area near the desert palace and it falls under the insect class (for some reason?)
Land Worm
20%
Its a demon in class but looks like it should fall under the insect class. It likes to use fire based attacks
Stilva
16.7%
A beast that can use earthquake and can turn a party member to stone
Catoplebas
6.7%
Can teach Quina Aqua breath when eaten and no its not axolotl
Clipper
5.6%
Quiz Playlist
Details
Report
Send in Message
Add To Playlist
Classic:
Type in answers that appear in a list
Last Updated: Feb 16, 2017
Quiz Scoreboard
CHALLENGE
Sign Up to Join the Scoreboard
Show All
Scores
Hide
Comments
May contain spoilers
Recently Published
Holiday 10x10 Sorting Gallery
by lukepisani3
Holiday
15m
Two Season TV Shows II
by 123Four
Television
10m
Image Sorting: Flags VI
by Barbecue
Geography
2m
More to Explore
Quiz From the Vault
Featured Blog Post
14 Easter Pick-up Lines to Find Eggs With
hide this ad
You Might Also Like...
Tags
Final Fantasy
Today's Top Quizzes in Gaming
Browse Gaming
hide this ad
Today's Top Quizzes in Final Fantasy
Browse Final Fantasy
Top Contributed Quizzes in Gaming
1
League of Legends Pro Players by Career/Team History
2
Destiny 2 exotic weapons by perk icons
3
Genshin Impact Logic Puzzle
4
Genshin Impact Logic Puzzle Quiz
5
Ultimate Genshin Impact Logic Puzzle (up to 4.3)
6
4x4 Decades: Video Games
7
Genshin murder mystery
8
Who's on the WWE 2K24 Cover?
9
Dead By Daylight Logic Puzzle
10
Image Sorting: Video Game Characters II
Explore More
Trending Topics
Marvel
Harry Potter
Kpop
Crossword
Anime
NBA
Disney
The Office
Puzzle
WWE
Pokémon
Soccer
Country
NFL
Song
hide this ad
More By:
Mattone
Quiz
Plays
Rating
Category
Featured
Created
Final Fantasy 9 TetraMaster - All 100 cards
192
5.00
Gaming
Jul 19, 2013
Final Fantasy 9 Enemies
90
5.00
Gaming
Jul 18, 2013
Countries of the world mash up
79
2.25
Geography
Mar 10, 2013
Go to Creator's Profile
Score Distribution
Quiz Creator Spotlight
Mattone
Follow
Send a Message
Quizzes Created
-
Created Quiz Play Count
-
More By This Creator
Popular Quizzes Today
1
Find the US States - No Outlines Minefield
2
Colored Red Africa Blitz
3
Find the 'City' Movie
4
The Countries of the World
5
Find the US States
6
5x2 Blitz: Bands
7
Find the Countries of Europe - No Outlines Minefield
8
US States
More Gaming Quizzes
Grid Bingo: Chess
Editor's Pick
Trending Quizzes
Colored Red Europe Blitz I
Colored Red Europe Blitz II
Colored Red Africa Blitz II
Colored Red Africa Blitz III
Colored Red Europe Blitz III
Recently Updated
Odd Team Out - Big 4 Players
pecheneg
Quick Pick: 20 Twenties
pecheneg
March Madness Men's Triple Doubles
pecheneg
How Do You Spell That?
pecheneg
Godzilla Movies
pecheneg
Grab Bag: 4-10 Letters
pecheneg
2024 March Madness Bracket
pecheneg
Famous TV Couples
Peacemaker
Champions League XIs: Real Madrid
pecheneg
Largest US Cities 1790-2010
pecheneg
Trending Topics
Disney
Crossword
Harry Potter
Kpop
Marvel
NBA
Anime
Pokémon
Puzzle
Country
The Office
Song
WWE
Soccer
NFL
Your Account Isn't Verified!
In order to create a playlist on Sporcle, you need to verify the email address you used during registration. Go to your
Sporcle Settings
to finish the process.
Report this User
Report this user for behavior that violates our
Community Guidelines
.
Details:
Send Report
Go to the Sporcle.com Mobile Site →
Comments